| 000 | 00494nam a2200145Ia 4500 | ||
|---|---|---|---|
| 008 | 200619s9999 xx 000 0 und d | ||
| 020 | _a978-981-06-9982-6 | ||
| 100 | _aRender, Barry | ||
| 245 |
_cBarry Render, Ralph Stair, Michael E. Hanna _aQuantitative Analysis for Management Studies / |
||
| 250 | _a9th ed. | ||
| 260 |
_aSingapore : _bPearson Education South Asia Pte Ltd. _c2007 |
||
| 300 | _axv, 768 pages | ||
| 500 | _aIncludes appendices and index. | ||
| 650 | _aQuantitative Analysis | ||
| 999 |
_c363747 _d363747 |
||